NBA Championships past 20 Years - Statistics

General Stats
  • This quiz has been taken 18 times
  • The average score is 7 of 15
Answer Stats
Answer % Correct
Sublime
94%
Nikau Rudge
81%
Lebron(Goat)
75%
GBHS
63%
Golden Knights
63%
Mr Carins
63%
Han Solo
56%
Man City
44%
Oilers
44%
Lakers
31%
Nuggets
25%
Celtics
13%
Bulls
6%
Pistons
6%
Washington Generals
6%
No matching quizzes found
Score Distribution
Percent of People with Each Score
Percentile by Number Answered
Your Score History
You have not taken this quiz